| 000 | 09337 a2200649 4500 | ||
|---|---|---|---|
| 005 | 20080829145240.0 | ||
| 008 | 080829t xxu||||| |||| 00| 0 hin d | ||
| 010 | _aHIN-82708 B-296327-355 | ||
| 020 |
_c175.00 _a8188532185 |
||
| 035 | _aHN-55054 | ||
| 035 | _aB-296327-355 | ||
| 037 | _bपु.प्र.अ.प्र/वितरक | ||
| 040 |
_adpl _bHIN |
||
| 050 | _aशिवा प्रकाशन मंदिर | ||
| 082 | _a954.05 | ||
| 100 | _aभटनागर, एन. | ||
| 245 |
_aराजस्थान के जौहर / _cएन. भटनागर; उषा दत्त द्वारा अनुदित एवं संपादित |
||
| 246 |
_aRajasthan ke Joohar _bby N. Bhatnagar; Tran & Ed by Usha Dutta |
||
| 260 |
_aदिल्ली _bशिवा प्रकाशन मंदिर _c2005 |
||
| 260 |
_aदिल्ली _bदिल्ली पुस्तक सदन (वितरक) |
||
| 270 |
_aसी-76, झिलमिल कालोनी _bदिल्ली _e110095 |
||
| 270 |
_a30/36, लेन न. 9, विश्वास नगर , शाहदरा _bदिल्ली _e110032 |
||
| 300 |
_a136पृ _c22 सेमी (सजिल्द) _bसचित्र |
||
| 700 | _aदत्त, उषा | ||
| 942 |
_adpl _cHN _k954.05 / भटना _2ddc _h954.05 _mभटना |
||
| 999 |
_c10917 _d10917 |
||